Top 20 des pays qui consomment le plus de cannabis - Statistiques

Statistiques générales
  • Ce quiz a été pris 508 fois
  • Le résultat moyen est 8 sur 20
Statistiques - réponses
Hint Réponse % Correct
6 France
99%
2 Etats-unis
97%
12 Espagne
90%
4 Canada
85%
20 Pays bas
84%
13 Italie
76%
9 Australie
58%
7 Nouvelle-Zelande
37%
5 Chili
30%
11 Uruguay
20%
1 Islande
19%
15 République tchèque
17%
16 Israel
15%
3 Nigeria
13%
14 Madagascar
7%
18 Belize
3%
19 Barbade
2%
8 Bermudes
2%
10 Zambie
2%
17 Sainte Lucie
1%
Aucun quiz correspondant
Distribution des résultats
% des personnes avec chaque résultat
Percentile par nombre de réponses
Votre historique - résultats
Vous n’avez pas pris ce quiz